[Event "Cap d'Agde Avenir op"]
[Site "Cap d'Agde"]
[Date "2008.10.31"]
[Round "8"]
[White "Kashkin, Vladimir Tichonovic"]
[Black "Masot, Liberto"]
[Result "1-0"]
[WhiteElo "1799"]
[BlackElo "1795"]
[PlyCount "59"]
[EventDate "2008.10.25"]
[EventType "swiss"]
[EventRounds "9"]
[EventCountry "FRA"]
[SourceTitle "EXT 2010"]
[Source "ChessBase"]
[SourceDate "2010.11.25"]
[SourceVersion "1"]
[SourceVersionDate "2010.11.25"]
[SourceQuality "1"]

1. e4 d5 2. exd5 Qxd5 3. Nc3 Qd6 4. Nf3 Nf6 5. h3 a6 6. d4 e6 7. Bd3 Be7 8. 0-0 Nbd7 9. Re1 c6 10. Ne2 e5 11. Ng3 e4 12. Nf5 Qd5 13. Nxe7 Kxe7 14. c4 Qf5 15. Ng5 Rf8 16. f3 h6 17. fxe4 Qa5 18. e5 Ne8 19. Ne4 c5 20. Be3 Nc7 21. d5 Kd8 22. Bf4 b5 23. b3 Bb7 24. Nd6 Rb8 25. Qg4 Bxd5 26. cxd5 Nxd5 27. Bg3 Qc3 28. Rad1 Ne7 29. Bxb5 f5 30. exf6 1-0

[Event "Cap d'Agde Avenir op"]
[Site "Cap d'Agde"]
[Date "2008.10.27"]
[Round "3"]
[White "Masot, Liberto"]
[Black "Bertrand, Patrick"]
[Result "1-0"]
[WhiteElo "1795"]
[BlackElo "1640"]
[PlyCount "92"]
[EventDate "2008.10.25"]
[EventType "swiss"]
[EventRounds "9"]
[EventCountry "FRA"]
[SourceTitle "EXT 2010"]
[Source "ChessBase"]
[SourceDate "2010.11.25"]
[SourceVersion "1"]
[SourceVersionDate "2010.11.25"]
[SourceQuality "1"]

1. d4 Nf6 2. e3 g6 3. f4 d6 4. Nf3 Bg7 5. Be2 Bf5 6. Nbd2 Ng4 7. Nf1 Nf6 8. Ng3 Bd7 9. c3 e6 10. Bd2 c5 11. Qc2 Bc6 12. h4 Nbd7 13. h5 Qc7 14. hxg6 hxg6 15. Rxh8+ Bxh8 16. 0-0-0 0-0-0 17. Ng5 Nb6 18. Bf3 Bxf3 19. Nxf3 Bg7 20. Rh1 Rh8 21. Rxh8+ Bxh8 22. Ng5 Bg7 23. N3e4 Nxe4 24. Qxe4 d5 25. Qc2 Bf6 26. Nf3 c4 27. Be1 Qd8 28. g3 Qh8 29. Qg2 a5 30. g4 Nd7 31. Bg3 b5 32. Bh2 Be7 33. Qg3 Bd6 34. Qg2 Nf6 35. Nd2 Qh4 36. g5 Qe1+ 37. Kc2 Ne4 38. Nxe4 dxe4 39. Qd2 Qa1 40. d5 Qxa2 41. dxe6 Qa4+ 42. Kb1 Kc7 43. f5 Bxh2 44. Qd7+ Kb6 45. e7 Kc5 46. e8Q Bd6 1-0

[Event "Rochefort op 5th"]
[Site "Rochefort"]
[Date "2006.02.15"]
[Round "3"]
[White "Nanu, Ciprian Costica"]
[Black "Masot, Liberto"]
[Result "1-0"]
[WhiteElo "2436"]
[BlackElo "1850"]
[PlyCount "45"]
[EventDate "2006.02.15"]
[EventType "swiss"]
[EventRounds "9"]
[EventCountry "FRA"]
[SourceTitle "EXT 2007"]
[Source "ChessBase"]
[SourceDate "2006.11.23"]
[SourceVersion "1"]
[SourceVersionDate "2006.11.23"]
[SourceQuality "1"]

1. c4 f5 2. Nc3 Nf6 3. g3 e6 4. Bg2 c6 5. d3 d5 6. Nf3 Bd6 7. 0-0 0-0 8. e4 d4 9. e5 dxc3 10. bxc3 Bxe5 11. Nxe5 Qa5 12. Qe1 Nbd7 13. Bf4 Nxe5 14. Bxe5 Qc5 15. Qe2 Ng4 16. d4 Qa3 17. Rfc1 Nxe5 18. Qxe5 f4 19. c5 fxg3 20. fxg3 Bd7 21. Qc7 Qb2 22. Qxd7 Rf2 23. Qxe6+ 1-0